Maiores Cidades por Mesorregião de Pernambuco - Statistics

Estatísticas Gerais
  • Esse quiz foi jogado 10 vezes
  • A pontuação média é 16 de 20
Estatísticas das Respostas
Região População Cidade % Correto
RMR 684.293 Jaboatão dos Guararapes
100%
RMR 364.717 Olinda
100%
RMR 1.588.376 Recife
100%
Sertão 82.487 Arcoverde
89%
RMR 218.049 Cabo de SantoAgostinho
89%
Agreste 405.408 Caruaru
89%
RMR 365.144 Paulista
89%
Sertão 418.444 Petrolina
89%
Sertão 98.816 Serra Talhada
89%
Agreste 84.033 Belo Jardim
78%
Agreste 151.803 Garanhuns
78%
Agreste 92.429 Gravatá
78%
Agreste 104.854 Santa Cruz doCapibaribe
78%
Mata 144.243 Vitória de Santo Antão
78%
Sertão 90.504 Araripina
67%
Mata 83.482 Carpina
67%
Mata 62.174 Escada
67%
Mata 85.497 Goiana
56%
Sertão 68.489 Ouricuri
56%
Mata 59.924 Paudalho
56%
Nenhum quiz correspondente encontrado
Distribuição das Pontuações
Porcentagem de Pessoas com Cada Pontuação
Percentil de Números Respondidos
Sua Pontuação Histórica
Você não jogou esse quiz